AP Brainrot [2024] - Statistics

General Stats
  • This quiz has been taken 815 times
  • The average score is 23 of 50
Answer Stats
Hint Answer % Correct
Haliey Welch's podcast Talk Tuah
87%
You gotta give 'em that ____ ____ Hawk Tuah
83%
Rapper who dissed Drake Kendrick
80%
Just gimme my _____ Money
79%
Rapper who hosts wild parties Diddy
76%
Erm, what the _____? Sigma
76%
Streamer known for his fat jokes CaseOh
75%
Hairstyle "nonchalant" people have Dreads
75%
Pig who calls you John Pork
75%
Your sunshine LeBron
74%
Just put the _____ __ ___ ___ Fries in the bag
71%
Very demure, very _______ Mindful
71%
Built this FYP _____ by _____ Brick
69%
I just lost my ___ Dog
68%
Sponge who calls you Freakbob
63%
Calm and relaxed; doesn't care Nonchalant
63%
Phrase to make someone freeze English or Spanish
62%
Song Elvis Presley sung to FE!N
62%
"Currency" of someone's coolness Aura
61%
Streamer who said "What's up brothers" Sketch
61%
It's the nonchalant _________ Dreadhead
59%
Dangerous drug Fent
52%
Leader of TikTok Rizz Party Blue Tie Kid
51%
Oh when the saints go ________ __ Marching in
49%
A.J. and Big Justice's nickname Costco Guys
48%
Song playing during the TikTok Rizz Party Carnival
47%
An evil person who laughs, based off Joker Jonkler
47%
I just wanna be part of your ________ Symphony
47%
What Red Larva sang Oi oi oi
45%
Someone who goes around Bop
44%
Had the best dance moves in TikTok Rizz Party Turkish Quandale Dingle
43%
To lengthen one's snake Jelqing
42%
To be furious or insane, resulting in violence Crashout
41%
Primary material used by Little John Galvanized square steel
31%
Three-letter word describing young criminals YNs
30%
What Tuco shouted Get out
26%
Character who's chill My New Character
26%
People fighting with the gnomes Knights
25%
Number essentially meaning crashout 808
24%
Guy who huffed Galaxy Gas Lil T Man
24%
Where the conscious baby wanted to go to Four Seasons Orlando
22%
Sigma sigma little _____ Gyatt
19%
Waiter waiter! One _____ please! Ratio
15%
Secondary material used by Little John Eco-friendly wood veneers
11%
Please can I go to ______________ house Ellie and Mason
10%
Chill bruh I was ______ Geeked
8%
What the chicken nugget sang Gedagedigedagedago
7%
GIF TikTok Giftok
7%
Someone who's good at basketball Green FN
7%
TikTokker who had the biggest falloff The Mannii Show
3%
No matching quizzes found
Score Distribution
Percent of People with Each Score
Percentile by Number Answered
Your Score History
You have not taken this quiz